Detalles MARC
| 000 -CABECERA |
| campo de control de longitud fija |
01185cam a2200217 i 4500 |
| 001 - NÚMERO DE CONTROL |
| campo de control |
000019179 |
| 005 - FECHA Y HORA DE LA ÚLTIMA TRANSACCIÓN |
| campo de control |
20200929165937.0 |
| 008 - DATOS DE LONGITUD FIJA--INFORMACIÓN GENERAL |
| campo de control de longitud fija |
780616s1974 cl b 100 0 spa |
| 040 ## - FUENTE DE LA CATALOGACIÓN |
| Centro catalogador/agencia de origen |
DO-SdBNP |
| Lengua de catalogación |
spa |
| Centro/agencia transcriptor |
BNPHU |
| 111 2# - ENTRADA PRINCIPAL--NOMBRE DE CONGRESO/REUNIÓN |
| Nombre de congreso/reunión o jurisdicción como elemento de entrada |
Mesa Redonda Colombiana sobre Recursos Naturales, |
| Número del congreso/reunión o número de parte o sección |
1st, |
| Sede del congreso/Lugar de la reunión |
Bogota, |
| Fecha del congreso/reunión |
1971. |
| 9 (RLIN) |
41284 |
| 245 00 - MENCIÓN DE TÍTULO |
| Título |
V Mesa Redonda Panamericana y I Colombiana sobre Recursos Naturales, Bogota, mayo 1971 : |
| Resto del título |
[los recursos naturales en la integracion latinoamericana]. |
| 246 3# - FORMA VARIANTE DE TÍTULO |
| Título propio/Titulo breve |
5. Mesa Redonda Panamericana y I Colombiana sobre Recursos Naturales |
| 260 ## - PUBLICACIÓN, DISTRIBUCIÓN, ETC. |
| Lugar de publicación, distribución, etc. |
Santiago, Chile : |
| Nombre del editor, distribuidor, etc. |
Instituto Panamericano de Geografia e Historia, Comision de Geografia, |
| Fecha de publicación, distribución, etc. |
1974. |
| 300 ## - DESCRIPCIÓN FÍSICA |
| Extensión |
389 p. ; |
| Dimensiones |
23 cm. |
| 490 1# - MENCIÓN DE SERIE |
| Mención de serie |
Publicacion - Comision de Geografia, Instituto Panamericano de Geografia e Historia ; no. 358 |
| 504 ## - NOTA DE BIBLIOGRAFÍA, ETC. |
| Nota de bibliografía, etc. |
Includes bibliographical references. |
| 650 #0 - PUNTO DE ACCESO ADICIONAL DE MATERIA--TÉRMINO DE MATERIA |
| Término de materia o nombre geográfico como elemento de entrada |
Natural resources |
| Subdivisión geográfica |
Latin America |
| Subdivisión general |
Congresses. |
| 9 (RLIN) |
41285 |
| 710 2# - PUNTO DE ACCESO ADICIONAL--NOMBRE DE ENTIDAD CORPORATIVA |
| Nombre de entidad corporativa o nombre de jurisdicción como elemento de entrada |
Pan American Institute of Geography and History. |
| Unidad subordinada |
Commission on Geography. |
| 9 (RLIN) |
41286 |
| 740 0# - PUNTO DE ACCESO ADICIONAL--TÍTULO RELACIONADO O ANALÍTICO NO CONTROLADO |
| Título relacionado o analítico no controlado |
Recursos naturales en la integracion latinoamericana. |
| 830 #0 - PUNTO DE ACCESO ADICIONAL DE SERIE-TÍTULO UNIFORME |
| Título uniforme |
Publicacion (Pan American Institute of Geography and History) ; |
| Designación de volumen o secuencia |
no. 358. |
| 9 (RLIN) |
30387 |